01441nam a22002657a 4500952011400000952011400114952010200228999001700330008004100347020001800388050002100406100002200427240002900449245008300478260004800561300003500609500003500644500012600679505021400805519006701019519004201086650001901128650001601147942001201163 00102lcc4070a11b11d2013-03-21l4oNC997 M318 2010p11 009900r2018-03-07s2018-03-07t2w2013-03-21yLB 00102lcc4070a11b11d2013-03-21l4oNC997 M318 2010p11 009901r2015-06-08s2015-06-08t3w2013-03-21yLB 00102lcc4070a01b01d2022-11-01l0oNC997 M318 2010p16 002782r2023-07-13t1w2022-11-01yLB c89275d89275130321t2010 sp ||||| |||| 00| 0 spa d a9788425223853 aNC997bM318 2010 aMahon, Nikeautor10aArt directionlEspañol10aDirección de arteb: Publicidadc/ Nik, Mahon; traducción de Alvaro Marcos aBarcelonab: Editorial Gustavo Gilic, 2010 a183 páginasb: ilustraciones aTitulo original: Art direction aIncluye: Introducción, Conclusión, Glosario, Contactos útiles, Bibliografía, Agradecimientos, Ética profesional aI. La función del director de arte II. Las herramientas de la dirección de arte III. La creación de anuncios IV. Los medios V. Ideas e inspiración VI. Conseguir trabajo como director de arte  aMaterial complementario / bDiseño gráfico / d(11 009900) aMaterial complementario / d16 002782 0aARTE COMERCIAL 0aPUBLICIDAD  cLB2lcc